Vista normal
Vista MARC
Entrada Meeting Name
Número de registros utilizados en: 3
001 - CONTROL NUMBER
- control field: 5828
003 - CONTROL NUMBER IDENTIFIER
- control field: OSt
005 - DATE AND TIME OF LATEST TRANSACTION
- control field: 20230915225827.0
008 - FIXED-LENGTH DATA ELEMENTS
- fixed length control field: 230915|| aca||aabn | a|a d
040 ## - CATALOGING SOURCE
- Original cataloging agency: OSt
- Transcribing agency: OSt
111 ## - HEADING--MEETING NAME
- Meeting name or jurisdiction name as entry element: Coloquio colombiano de sociología, 5, Cali, octubre 1994
670 ## - SOURCE DATA FOUND
- Source citation: Work cat.: (OSt)18823: Coloquio colombiano de sociología, 5, Cali, octubre 1994, Territorios, regiones, sociedades, 1994